| 000 | 00408cam a22001575a 4500 | ||
|---|---|---|---|
| 001 | J100900 | ||
| 008 | 000000s1927 xxk 000 0 eng u | ||
| 035 | _a(Sirsi) u100900 | ||
| 110 | _aLand Agents' Society | ||
| 245 | _aValuation for estate duty. Part 1. Notes on procedure and principles. | ||
| 260 | _c1927 | ||
| 300 | _a17p. | ||
| 651 | 4 |
_aUnited Kingdom _y |
|
| 690 |
_aValuation _96273 |
||
| 942 | _n0 | ||
| 999 |
_c99909 _d99909 |
||